الضرائب على غير المسلمين في المجتمع الاسلامي المعاصر /
Saved in:
| 主要作者: | |
|---|---|
| 其他作者: | |
| 格式: | Thesis |
| 语言: | Arabic |
| 出版: |
Irbid, al-Urdun :
Jami'at al-Yarmuk, Kulliyat al-Shari'ah wa-al-Dirasat al-Islamiyah,
1995
|
| 主题: | |
| 标签: |
添加标签
没有标签, 成为第一个标记此记录!
|
| LEADER | 015470000a22003250004500 | ||
|---|---|---|---|
| 001 | 138685 | ||
| 005 | 20081018145100.0 | ||
| 008 | 960719s1995 jo g 000 0 ara | ||
| 035 | |a (Sirsi) 138685 | ||
| 040 | |a UIAM |b eng | ||
| 041 | 0 | |a ara | |
| 050 | 4 | |a BP158.4.E82 | |
| 100 | 1 | |a سمسوري شريف عبد الرحمن | |
| 242 | 1 | 3 | |a al-Dara'ib 'ala ghayri al-muslimin fi al-mujtama' al-Islami al-mu'asir / |c i'dad Samsuri Sharif 'Abd al-Rahman |
| 245 | 1 | 2 | |a الضرائب على غير المسلمين في المجتمع الاسلامي المعاصر / |c اعداد سمسوري شريف عبد الرحمن |
| 246 | 3 | 0 | |a Taxation on non-muslims in the contemporary Islamic society |
| 260 | 1 | |a Irbid, al-Urdun : |b Jami'at al-Yarmuk, Kulliyat al-Shari'ah wa-al-Dirasat al-Islamiyah, |c 1995 | |
| 300 | |a 194 p. ; |c 29 cm. | ||
| 502 | |a (M.A.)--Jami'at al-Yarmuk, Kulliyat al-Shari'ah wa-al-Dirasat al-Islamiyah, 1995. | ||
| 504 | |a Includes bibliographical references (p. 171-183). | ||
| 533 | |a 1 | ||
| 596 | |a 1 | ||
| 650 | 0 | |a Taxation (Islamic law) | |
| 650 | 0 | |a Dhimmis | |
| 655 | 0 | 7 | |a Theses, non-IIUM |
| 700 | 1 | 0 | |a Samsuri Sharif Abdul Rahman |
| 900 | |a checked a r r 040697-naw | ||
| 999 | |c 430986 |d 462477 | ||
| 952 | |0 0 |6 T BP 000158.4 E82S193D 1995 |7 0 |8 THESES |9 750633 |a IIUM |b IIUM |c MULTIMEDIA |g 0.00 |o t BP158.4E82S193D 1995 |p 00000460280 |r 2017-10-17 |t 1 |v 0.00 |y THESIS | ||
| 952 | |0 0 |6 IE BP 000158.4 E82S193D 1995 |7 0 |8 ISLAMECO |9 796504 |a IIUM |b IIUM |c SPECIALSH |g 0.00 |o ie BP158.4E82S193D 1995 |p 00000524893 |r 2018-02-20 |t 1 |v 0.00 |y BOKSPECL2H | ||
